U2 Songs About Real People - Statistics

General Stats
  • This quiz has been taken 5 times
  • The average score is 7 of 13
Answer Stats
Hint Explanation Answer % Correct
Miss Sarajevo Inela won the 1993 Miss Besieged Sarajevo contest Inela Nogić
100%
Pride (In the Name of Love) Martin Luther King Jr.
100%
The Sweetest Thing Ali is Bono's wife Ali Hewson
80%
Angel of Harlem Billie Holiday
80%
____ (Hold Me Close) Iris was Bono's mother; she died of an aneurysm when he was 14 Iris Hewson
80%
_____ _______ and America Elvis Presley
60%
Stuck in a Moment You Can't Get Out Of Michael Hutchence
60%
Walk On Aung San Suu Kyi
40%
New Year's Day The song is about the Polish Solidarity movement, led by Lech Wałęsa Lech Wałęsa
40%
The Ballad of ______ ____ Ronnie Drew
40%
One Tree Hill Carroll was a friend of Bono and roadie for U2 who was killed in a motorbike accident in 1986. The song references Maungakiekie / One Tree Hill in Carroll's hometown of Auckland, New Zealand. Greg Carroll
20%
The Miracle (of ____ ______) Joey Ramone
20%
Ordinary Love Nelson Mandela
20%
No matching quizzes found
Score Distribution
Percent of People with Each Score
Percentile by Number Answered
Your Score History
You have not taken this quiz